Этюды о А.А. Бестужеве-Марлинском на Кавказе (Запись № 496171)

Подробности
000 -МАРКЕР
контрольное поле 02305nam0a2200373 4500
001 - ИДЕНТИФИКАТОР ЗАПИСИ
контрольное поле RU\NLR\bibl\1294905
005 - ИДЕНТИФИКАТОР ВЕРСИИ
контрольное поле 20260407064229.0
010 ## - МЕЖДУНАРОДНЫЙ СТАНДАРТНЫЙ НОМЕР КНИГИ (ISBN)
Номер (ISBN) 978-5-93750-199-8
Тираж 300
021 ## - НОМЕР ГОСУДАРСТВЕННОЙ РЕГИСТРАЦИИ
Код страны Российская Федерация
Номер 2008-72869
Номер Листа государственной регистраци 4187
035 ## - ДРУГИЕ СИСТЕМНЫЕ НОМЕРА
Идентификатор записи (NLR Aleph) 001280539
100 ## - ДАННЫЕ ОБЩЕЙ ОБРАБОТКИ
Данные общей обработки 20081115d2008 |||y0rusy50 ca
101 0# - ЯЗЫК РЕСУРСА
Язык текста, звукозаписи и т.д. русский
102 ## - СТРАНА ПУБЛИКАЦИИ ИЛИ ПРОИЗВОДСТВА
Страна публикации Российская Федерация
105 ## - ПОЛЕ КОДИРОВАННЫХ ДАННЫХ: ТЕКСТОВЫЕ МАТЕРИАЛЫ, МОНОГРАФИЧЕСКИЕ
Кодированные данные о монографическом текстовом документе y |||||||||
200 1# - ЗАГЛАВИЕ И СВЕДЕНИЯ ОБ ОТВЕТСТВЕННОСТИ
Основное заглавие Этюды о А.А. Бестужеве-Марлинском на Кавказе
Первые сведения об ответственности В.Б. Виноградов, Е.Г. Люфт
Последующие сведения об ответственности под ред. д.и.н., проф., акад. МАН М.И. Серовой
-- Армавир. гос. пед. ун-т [и др.]
210 ## - ПУБЛИКАЦИЯ, РАСПРОСТРАНЕНИЕ И ДР.
Место издания, распространения и т.д. Москва
-- Армавир
Имя издателя, распространителя и т. д. Армавирское полиграфпредприятие
Дата издания, распространения и т.д. 2008
215 ## - ФИЗИЧЕСКАЯ ХАРАКТЕРИСТИКА
Специфическое обозначение материала и объем 40 с.
Размеры 15
225 1# - СЕРИЯ
Основное заглавие серии Практические опыты исторического регионоведения
Обозначение тома вып. 52
300 ## - ОБЩИЕ ПРИМЕЧАНИЯ
Текст примечания На 39-й с. 1-й авт.: Виноградов В.Б. - д.ист.н., проф., засл. деят. науки Рос. Федерации, Кубани, Чечено-Ингушской АССР, акад. Междунар. Акад. информатизации
300 ## - ОБЩИЕ ПРИМЕЧАНИЯ
Текст примечания В надзаг. также: Кубан. отд-ние "Рус. ист. о-ва", Обществ. акад. наук, культуры, образования и бизнеса Кавказа
320 ## - ПРИМЕЧАНИЯ О НАЛИЧИИ В ДОКУМЕНТЕ БИБЛИОГРАФИИ / УКАЗАТЕЛЯ
Текст примечания Библиогр. в прим. в конце глав
600 #1 - ИМЯ ЛИЦА КАК ПРЕДМЕТ
Начальный элемент ввода Бестужев-Марлинский
Часть имени, кроме начального элемента ввода А. А.
Даты 1797 - 1837
Расширение инициалов личного имени Александр Александрович
Тематический подзаголовок Памятные места
Географический подзаголовок Кавказ
Системный номер авторитетной/нормативной записи 2611213
Идентификатор авторитетной/нормативной записи RU\NLR\auth\661547771
686 ## - ИНДЕКСЫ ДРУГИХ КЛАССИФИКАЦИЙ
Индекс Ш5(2=Р)51-4Бестужев
700 #1 - ИМЯ ЛИЦА - ПЕРВИЧНАЯ ОТВЕТСТВЕННОСТЬ
Код отношения Автор
Материалы, к которым относится поле rus
Графика поля Кириллица
Начальный элемент ввода Виноградов
Часть имени, кроме начального элемента ввода В. Б.
Дополнения к именам, кроме дат д-р ист. наук
Даты 1938-2012
Расширение инициалов личного имени Виталий Борисович
Идентификатор авторитетной/нормативной записи RU\NLR\AUTH\7714415
Системный номер авторитетной/нормативной записи 124088
701 #1 - ИМЯ ЛИЦА - АЛЬТЕРНАТИВНАЯ ОТВЕТСТВЕННОСТЬ
Начальный элемент ввода Люфт
Часть имени, кроме начального элемента ввода Е. Г.
Расширение инициалов личного имени Елена Гейнриховна
Код отношения Автор
702 #1 - ИМЯ ЛИЦА - ВТОРИЧНАЯ ОТВЕТСТВЕННОСТЬ
Код отношения Прочие
Материалы, к которым относится поле rus
Графика поля Кириллица
Начальный элемент ввода Бестужев-Марлинский
Часть имени, кроме начального элемента ввода А. А.
Даты 1797-1837
Расширение инициалов личного имени Александр Александрович
Идентификатор авторитетной/нормативной записи RU\NLR\auth\7795575
Системный номер авторитетной/нормативной записи 78501
801 #0 - ИСТОЧНИК ЗАПИСИ
Страна Российская Федерация
Организация NLR
Дата составления 20081115
Правила каталогизации RCR
801 #1 - ИСТОЧНИК ЗАПИСИ
Страна Российская Федерация
Организация NLR
Дата составления 20081115
942 ## - ДОПОЛНИТЕЛЬНЫЕ ЭЛЕМЕНТЫ ЗАПИСИ (АБИС)
Тип экземпляра АБИС Книга
980 ## - КОЛЛЕКЦИЯ
Название коллекции Национальная библиография
Экземпляры
Тип экземпляра Дата поступления Источник поступления Библиотека постоянного хранения Библиотека текущего хранения Место хранения Шифр хранения Штрих-код Статус экземпляра
Книга 15.11.2008 Обязательный экземпляр РНБ (Московский) РНБ (Московский) Русский книжный фонд: издания с 1957 года 2008-1/848 2791501  
Книга 15.11.2008 Обязательный экземпляр РНБ (Московский) РНБ (Московский) Русский книжный фонд: издания с 1957 года 2008-1/848 2791502